000 00420nam a2200169Ia 4500
003 GCL
008 140319s9999 xx 000 0 eng d
040 _aGCL /
_cGCL
082 0 4 _a005
_bL P
100 1 _aLALWANI, RAJESH
245 1 0 _aPOWER PROGRAMMING WITH GUPTA SQLWINDOWS /
_cLALWANI, RAJESH
260 _a[S.N] :
_bPRENTICE HALL
300 _a328 P
650 0 4 _aAQLWINDOWS
650 0 4 _aGUPTA
942 _2ddc
_cBK
999 _c24830
_d24830